000 00322nam a22001457a 4500
008 181122b xxu||||| |||| 00| 0 eng d
020 _a0721641032
041 _aeng
080 _22nd
_a591
082 _a591
100 _a7
101 _aZOO
245 _aParasitology for veterinarians
_cGeorgi.J.R
942 _2udc
_cBK
999 _c52374
_d52374